000 00432cam a2200181ua 4500
020 _cRs 2.00
041 _amal
_h
082 _a894.812 2
_bGOP/SE
100 _aGopi, Kaladi .
245 _aSeven nights /
_cKaladi Gopi.
_hTextual Documents
260 _a :
_bC I C C Book House ,
_c1964.
300 _a152 ; .
365 _aRs 2.00
504 _a
650 _aDrama - Malayalam
942 _cBK
999 _c471
_d471